الولادة الثانية : (رقم التسجيلة. 140330)

تفاصيل مارك
000 -الفاتح
عناصر البيانات ثابتة الطول 00743cam a2200193 i 4500
005 - تاريخ ووقت آخر معاملة
حقل ضبط 20251112124535.0
008 - عناصر البيانات ثابتة الطول
عناصر البيانات ثابتة الطول 250721s2019 jo gr 000 0 ara d
020 ## - الترقيم الدولي المعياري للكتب (ردمك)
الترقيم الدولي المعياري للكتب (ردمك) 9789957686949
082 14 - رقم تصنيف ديوي العشري
رقم التصنيف 189
رقم المادة ط ن ي
100 1# - مدخل رئيسي – اسم شخصي
الاسم الشخصي الطني، عبدالله
علاقة الشخص بالعمل/ دوره مؤلف.
245 12 - بيان العنوان
العنوان الولادة الثانية :
بقية العنوان صناعة المفهوم في فلسفة الفارابي /
بيان المسؤولية الدكتور عبدالله الطني ؛ تقديم ادريس مقبول.
250 ## - بيان الطبعة
بيان الطبعة الطبعة الاولى.
264 31 - بيانات النشر، التوزيع…إلخ
مكان النشر، التوزيع...إلخ اربد :
اسم الناشر، الموزع...إلخ عالم الكتب الحديث،
تاريخ النشر، التوزيع...إلخ 2019.
300 ## - الوصف المادي
عدد الوحدات المكونة للوعاء 408 صفحة.
650 17 - مدخل إضافي بالموضوع - مصطلح موضوعي
مصطلح موضوعي أو اسم جغرافي كعنصر مدخل الفلسفة الاسلامية.
650 17 - مدخل إضافي بالموضوع - مصطلح موضوعي
مصطلح موضوعي أو اسم جغرافي كعنصر مدخل فلسفة الفارابي.
942 ## - بيانات إضافية (كوها)
نوع التنصيف Dewey Decimal Classification
نوع المادة (كوها) كتب
المقتنيات
حالة السحب حالة الفقدان مصدر التصنيف حالة التلف غير قابل للإعارة المكتبة الرئيسية المكتبة الحالية موقع الرف تاريخ التزويد الرقم المتسلسل Total Checkouts رقم الإستدعاء الباركود تاريخ آخر ظهور تاريخ الفاتورة نوع المادة (كوها)
    Dewey Decimal Classification     المكتبة المركزية المكتبة المركزية الإعارة 28/07/2025 1722812   189 / ط ن ي PLD00466356 28/07/2025 28/07/2025 كتب
    Dewey Decimal Classification     المكتبة المركزية المكتبة المركزية مقتنيات قسم التزويد 28/07/2025 1722813   189/طني   28/07/2025 28/07/2025 كتب
    Dewey Decimal Classification     مكتبة أم قصير والمقابلين العامة مكتبة أم قصير والمقابلين العامة الإعارة 23/09/2019 1722816   189/طني PLD00468633 28/07/2025 23/09/2019 كتب
Implemented & Customized by: BBB with SCIT (Smart Chains for Information Technology)

Powered by Koha